000 00475nam a2200181Ia 4500
005 20250326124448.0
008 250326s9999 xx 000 0 und d
037 _aTextbook
040 _aFMSL
_beng
_cFMSL
041 _aeng
_2eng
084 _aX:8 K6;K9
_qFMSL
100 _aPaterson T T
245 0 _aManagement theory
_cPaterson T T
260 _aLondon
_bLondon, Business
_c1969
300 _a212p
942 _cTB
_hX:8 K6;K9
999 _c1273794
_d1273794